000 00812ntm a22002297a 4500
005 20170813135405.0
008 170802s2015 xx a frb 000 0 eng d
040 _aEG-ScBUE
_beng
_cEG-ScBUE
082 0 4 _222
_a624
_bDAG
100 1 _aDaghma, Ahmed Hashem.
245 1 0 _aLean thinking and lean management in construction projects /
_cAhmed Hashem Daghma.
260 _c2015.
300 _av, 78 p. :
_bill. (col.) ;
_c28 cm.
500 _aA dissertation submitted to the faculty of engineering the British University in Egypt,in partial fulfillment of the requirements for the bachelor degree in civil engineering
590 _aNAGWA
650 7 _2BUEsh
_aCivil Engineering
_vProjects
653 _bENGCIV
_cAugust2017
655 _vSPRO
700 1 _aMorcos, Maged.
_ethe
777 _ASPRO
942 _2ddc
999 _c25279
_d25251